000 00303nam a2200121 a 4500
005 20141022142009.0
008 120229s19uu xx 00 eng d
050 _aCD
_bH71 2005
100 _aHolden, Carol
245 _aMeeting SEN in the curriculum /
_cCarol Holden.
260 _c2005.
942 _cAVM
999 _c276658
_d276658